Jejak Khulafaur Rasyidin 4 Ali bin Abu Thalib

Bibliographic Details
Main Author: Maghlouth, Abdullah
Format: Book
Published: Jakarta : Almahira , 2006
Subjects:

MARC

LEADER 00000cam a2200000 7i4500
001 0000059463
005 20160203.0
008 160203
020 |a 9786028074704 
090 0 0 |a 297.648   |b MAG 
100 1 |a Maghlouth, Abdullah 
245 1 0 |a Jejak Khulafaur Rasyidin 4 Ali bin Abu Thalib   |c Sami bin Abdullah al-Maghlouth 
260 |a Jakarta :   |b Almahira ,   |c 2006 
650 0 |a Caliphs   |x Biography 
650 0 |a Islam   |x History 
999 |a 0001385708   |b Book   |c Adult Collection   |e Perbadanan Perpustakaan Awam Johor